000
00309nam a2200133Ia 4500
005
20251222155052.0
008
251222s9999||||xx |||||||||||||| ||spa||
082
_a
EMI.35
100
_a
ROMERO. P. Patricio
245
0
_a
Cuidado intensivo infantil
250
_a
1ra. ed.
264
_b
No tiene
942
_c
LIB
999
_c
37327
_d
37327